|
|
|
|
| LEADER |
01199nam a2200265 a 4500 |
| 001 |
0017819 |
| 003 |
BD-DhAAL |
| 008 |
090330s2008 gw a 000 0 eng d |
| 010 |
|
|
|a 2008400045
|
| 020 |
|
|
|a 9783938780336
|
| 040 |
|
|
|a DLC
|c DLC
|d DLC
|d BD-DhAAL
|
| 082 |
0 |
0 |
|a 729.22
|2 22
|
| 245 |
0 |
0 |
|a In full colour :
|b recent buildings and interiors /
|c projects selected by Dirk Meyhöfer ; [translation, Stephen Roche].
|
| 250 |
|
|
|a First edition.
|
| 260 |
|
|
|a [Berlin] :
|b Braun,
|c 2008.
|
| 300 |
|
|
|a 256 pages :
|b illustrations ;
|c 25 cm
|
| 526 |
|
|
|a ARC
|x Md. Shajjad Hossain,
Faculty members of the Department of Architecture
|
| 541 |
1 |
|
|e 00017819
|a Zeenat Book Supply Limited
|
| 650 |
|
0 |
|a Color in architecture.
|9 25987
|
| 650 |
|
0 |
|a Architecture, Modern
|y 21st century.
|9 25988
|
| 700 |
1 |
|
|a Meyhöfer, Dirk.
|9 25989
|
| 852 |
4 |
|
|a Ayesha Abed Library
|c General Stacks
|
| 942 |
|
|
|2 ddc
|c BK
|
| 999 |
|
|
|c 26
|d 26
|
| 952 |
|
|
|0 0
|1 0
|2 ddc
|4 0
|6 729_220000000000000_INF_2008
|7 0
|9 25
|a BRACUL
|b BRACUL
|c GEN
|d 2009-04-28
|e Zeenat Book Supply Limited
|g 3712.00
|l 15
|m 121
|o 729.22 INF
|p 3010017819
|r 2023-05-11
|s 2023-02-28
|t 1
|w 2009-04-28
|y BK
|x Requisitioned by Md. Shajjad Hossain (Faculty members of the Department of Architecture).
|